Normal view
MARC view
- T. S. Ravisankar, Ed
Entry Personal Name
001 - CONTROL NUMBER
- control field: 119211
003 - CONTROL NUMBER IDENTIFIER
- control field: OSt
005 - DATE AND TIME OF LATEST TRANSACTION
- control field: 20230206213313.0
008 - FIXED-LENGTH DATA ELEMENTS
- fixed length control field: 230206|| aca||aabn | a|a d
040 ## - CATALOGING SOURCE
- Original cataloging agency: OSt
- Transcribing agency: OSt
100 ## - HEADING--PERSONAL NAME
- Personal name: T. S. Ravisankar, Ed
670 ## - SOURCE DATA FOUND
- Source citation: Work cat.: (OSt)97660: T. S. Ravisankar, Ed., Prajanan : Journal of Social Management Sciences, 1997